Statistiques concernant stray kids Comeback

Cliquez ici pour prendre le quiz!

Statistiques générales

  • Ce quiz a été pris 129 fois
  • Le résultat moyen est 11 sur 15

Statistiques - réponses

HintRéponse% Correct
2022Maniac
86%
2023S-Class
84%
2017Hellevator
82%
2021Thunderous
82%
2023LALALALA
80%
2020Back Door
79%
2020God's Menu
79%
2019Miroh
79%
2022Case 143
78%
2018District 9
72%
2018I am you
68%
2019Levanter
66%
2018My pace
62%
2019Side effects
61%
2019Double Knot
49%

Distribution des résultats

Percentile par nombre de réponses

% des personnes avec chaque résultat

Votre développement - résultats

Vous n’avez pas pris ce quiz